Les énergies dans pokémon - Statistiques

Statistiques générales
  • Ce quiz a été pris 56 fois
  • Le résultat moyen est 6 sur 11
Statistiques - réponses
Réponse % Correct
Eau
98%
Feu
98%
Psy
66%
Électrique
61%
Combat
57%
Dragon
52%
Normal
48%
Métal
41%
Ténèbre
41%
Fée
39%
Feuille
32%
Aucun quiz correspondant
Distribution des résultats
% des personnes avec chaque résultat
Percentile par nombre de réponses
Votre historique - résultats
Vous n’avez pas pris ce quiz